01695 2200685 4500001002100000005001500021035002000036007000300056008004100059020002200100082001100122084001700133100003000150245011500180250001000295300003800305500008100343650001800424700003000442264003100472336002100503337003000524338002300554990001200577990001200589990001200601990001200613990001200625990001200637990001200649990001200661990001200673990001200685990001200697990001200709990001200721990001200733990001200745990001200757990001200769990001200781990001200793990001200805990001200817990001200829990001200841990001200853990001200865990001200877990001200889990001200901990001200913990001200925990001200937990001200949990001200961990001200973990001200985990001200997INLIS00000000000041520241023074537 a0010-1024000008ta241023 0 ind  a978-623-180-661-1 a338.04 a338.04 DWI p0 aDwi Harti, dkkePengarang1 aProjek Kreatif dan Kewirausahaan SMK/MAK Kelas XI Fase F :bBidang Keahlian: Bisnis dan Manajemen /cDwi Harti acet 1 axii, 273 halaman :bilus ;c21 cm aKurikulum Merdeka Program Keahlian: Pemasaran, Desain dan Komunikasi Visual 4aKewirausahaan0 aRikard RahmatePenyunting aJakarta :bErlangga,c2024 2rdacontentateks 2rdamediaatanpa perantara 2rdacarrieravolume a24.0603 a24.0604 a24.0605 a24.0606 a24.0607 a24.0608 a24.0609 a24.0610 a24.0611 a24.0612 a24.0613 a24.0614 a24.0615 a24.0616 a24.0617 a24.0618 a24.0619 a24.0620 a24.0621 a24.0622 a24.0623 a24.0624 a24.0625 a24.0626 a24.0627 a24.0628 a24.0629 a24.0630 a24.0631 a24.0632 a24.0633 a24.0634 a24.0635 a24.0636 a24.0637 a24.0638